书目信息 |
| 题名: |
室内设计方法
|
|
| 作者: | 郝大鹏 编著 | |
| 分册: | ||
| 出版信息: | 重庆 西南师范大学出版社 2000.01 |
|
| 页数: | 103页 | |
| 开本: | 16开 | |
| 丛书名: | ||
| 单 册: | ||
| 中图分类: | TU238.2 | |
| 科图分类: | ||
| 主题词: | 建筑设计 | |
| 电子资源: | ||
| ISBN: | 7-5621-2280-6 | |
| 000 | 00549nam0 2200193 45 | |
| 001 | 0009300549 | |
| 005 | 20001129165141.3 | |
| 010 | @a7-5621-2280-6@d48.00元 | |
| 100 | @a20000930d2000 km y0chiy0120 ea | |
| 101 | 0 | @achi |
| 105 | @a z 000yy | |
| 200 | 1 | @a室内设计方法@AShi Nei She Ji Fang Fa@f郝大鹏编著@FHao Da Peng Bian Zhu |
| 210 | @a重庆@c西南师范大学出版社@d2000.01 | |
| 215 | @a103页@d16开 | |
| 606 | 0 | @a建筑设计 |
| 690 | @aTU238.2@v3 | |
| 701 | 0 | @a郝大鹏@4编著 |
| 801 | @aCN@bPftUser@c20000930 | |
| 905 | @dTU238.2@eH654@b507583-584@f2 | |
| 室内设计方法/郝大鹏编著.-重庆:西南师范大学出版社,2000.01 |
| 103页;16开 |
| ISBN 7-5621-2280-6:48.00元 |
| ● |
| 相关链接 |
|
|
|
正题名:室内设计方法
索取号:TU238.2/H654
 
预约/预借
| 序号 | 登录号 | 条形码 | 馆藏地/架位号 | 状态 | 备注 |
| 1 | 507583 | 205075835 | 建筑库101/101建筑库 55排5列5层/ [索取号:TU238.2/H654] | 在馆 | |
| 2 | 507584 | 205075844 | 建筑库101/101建筑库 55排3列5层/ [索取号:TU238.2/H654] | 在馆 |